The ten most beautiful ports in the Mediterranean - Statistics

General Stats
  • This quiz has been taken 26 times
  • The average score is 5 of 10
Answer Stats
Hint Answer % Correct
GR Athens
85%
SP Barcelona
73%
IT Naples
73%
HR Dubrovnik
65%
IT Venice
65%
IT Rome
54%
TR Istanbul
50%
GR Santorini
19%
MT Valletta
12%
F Villefranche sur Mer
0%
No matching quizzes found
Score Distribution
Percent of People with Each Score
Percentile by Number Answered
Your Score History
You have not taken this quiz